[Event "Vall del Tenes op 2nd"]
[Site "Santa Eulalia de Roncana"]
[Date "2010.06.10"]
[Round "8"]
[White "Herms Agullo, Jordi"]
[Black "Perez Lopez, Juan Antonio"]
[Result "0-1"]
[WhiteElo "2121"]
[BlackElo "2127"]
[PlyCount "58"]
[EventDate "2010.04.22"]
[EventType "swiss"]
[EventRounds "9"]
[EventCountry "ESP"]
[SourceTitle "EXT 2011"]
[Source "ChessBase"]
[SourceDate "2010.11.26"]
[SourceVersion "1"]
[SourceVersionDate "2010.11.26"]
[SourceQuality "1"]

1. e4 g6 2. d4 Bg7 3. Nc3 d6 4. f4 c6 5. Nf3 Nd7 6. e5 d5 7. h4 Nh6 8. h5 Nf8 9. Bd3 Bg4 10. hxg6 hxg6 11. Be3 Ne6 12. Qd2 Qc7 13. 0-0-0 0-0-0 14. Rdf1 Nf5 15. Bxf5 gxf5 16. Nh2 Bh5 17. Qd3 c5 18. Nb5 Qa5 19. dxc5 a6 20. Na3 d4 21. Bd2 Qxc5 22. Qc4 Qxc4 23. Nxc4 Be2 24. Nb6+ Kc7 25. Re1 Kxb6 26. Rxe2 Nc5 27. Ree1 d3 28. Be3 Kb5 29. Bxc5 d2+ 0-1

[Event "Vall del Tenes op 2nd"]
[Site "Santa Eulalia de Roncana"]
[Date "2010.06.03"]
[Round "7"]
[White "Fabre Massana, Miquel"]
[Black "Perez Lopez, Juan Antonio"]
[Result "1/2-1/2"]
[WhiteElo "2178"]
[BlackElo "2127"]
[PlyCount "38"]
[EventDate "2010.04.22"]
[EventType "swiss"]
[EventRounds "9"]
[EventCountry "ESP"]
[SourceTitle "EXT 2011"]
[Source "ChessBase"]
[SourceDate "2010.11.26"]
[SourceVersion "1"]
[SourceVersionDate "2010.11.26"]
[SourceQuality "1"]

1. e4 e5 2. Nf3 Nc6 3. Bb5 a6 4. Bxc6 dxc6 5. 0-0 f6 6. d4 exd4 7. Nxd4 c5 8. Nb3 Qxd1 9. Rxd1 Bg4 10. f3 Bd7 11. Bf4 0-0-0 12. Nc3 b6 13. Rd2 Ne7 14. Rad1 Ng6 15. Be3 Be7 16. Nd5 Be6 17. Nxe7+ Nxe7 18. Rxd8+ Rxd8 19. Rxd8+ Kxd8 1/2-1/2

[Event "Vall del Tenes op 2nd"]
[Site "Santa Eulalia de Roncana"]
[Date "2010.04.22"]
[Round "1"]
[White "Garcia Gil, Javier"]
[Black "Perez Lopez, Juan Antonio"]
[Result "1/2-1/2"]
[WhiteElo "2193"]
[BlackElo "2127"]
[PlyCount "97"]
[EventDate "2010.04.22"]
[EventType "swiss"]
[EventRounds "9"]
[EventCountry "ESP"]
[SourceTitle "EXT 2011"]
[Source "ChessBase"]
[SourceDate "2010.11.26"]
[SourceVersion "1"]
[SourceVersionDate "2010.11.26"]
[SourceQuality "1"]

1. d4 g6 2. c4 Bg7 3. Nc3 d6 4. e4 e5 5. dxe5 dxe5 6. Qxd8+ Kxd8 7. Bg5+ f6 8. 0-0-0+ Nd7 9. Be3 c6 10. h4 Bh6 11. h5 Kc7 12. hxg6 hxg6 13. Kb1 b6 14. c5 Bg7 15. Rxh8 Bxh8 16. Bc4 Ne7 17. Nf3 Nf8 18. Nxe5 fxe5 19. Bg5 Nf5 20. exf5 Bxf5+ 21. Bd3 bxc5 22. Be7 Ne6 23. Bd6+ Kb7 24. Bxf5 gxf5 25. Na4 Rd8 26. Kc1 c4 27. Nc5+ Nxc5 28. Bxc5 Rxd1+ 29. Kxd1 e4 30. Kc2 a6 31. a4 Kc7 32. f3 Kd7 33. fxe4 fxe4 34. Bb4 Ke6 35. Bc3 Be5 36. Bxe5 Kxe5 37. Kd2 Kf4 38. Ke2 c5 39. a5 e3 40. g3+ Ke4 41. g4 Kf4 42. g5 Kxg5 43. Kxe3 Kf5 44. Kf3 Ke5 45. Ke3 Kd5 46. Kd2 Kc6 47. Kc2 c3 48. Kxc3 Kb5 49. Kb3 1/2-1/2

[Event "Catalunya op-A"]
[Site "Spain"]
[Date "2000.??.??"]
[Round "1"]
[White "Perez Lopez, Juan Antonio"]
[Black "Picanol Alemany, Antonio"]
[Result "0-1"]
[WhiteElo "2120"]
[BlackElo "2279"]
[PlyCount "72"]
[EventDate "2000.??.??"]
[EventType "swiss"]
[EventRounds "9"]
[EventCountry "ESP"]
[SourceTitle "EXT 2003"]
[Source "ChessBase"]
[SourceDate "2002.11.25"]
[SourceVersion "1"]
[SourceVersionDate "2002.11.25"]
[SourceQuality "1"]

1. e4 c5 2. Nc3 Nc6 3. f4 g6 4. Nf3 Bg7 5. Bc4 e6 6. f5 Nge7 7. fxe6 fxe6 8. d3 d5 9. Bb3 0-0 10. 0-0 Na5 11. Qe1 c4 12. Ba4 a6 13. Qh4 b5 14. Bh6 Nec6 15. Ng5 Rxf1+ 16. Rxf1 Ra7 17. Bxg7 Rxg7 18. Qf2 h5 19. exd5 exd5 20. Nxd5 Bf5 21. Qe3 Kh8 22. Rxf5 gxf5 23. Ne6 Qg8 24. Nxg7 Qxd5 25. Qh6+ Kg8 26. Nxh5 Qe5 27. Qg6+ Kf8 28. h3 bxa4 29. Nf6 Ke7 30. Ng8+ Kd7 31. Qf7+ Ne7 32. dxc4 Qe6 33. Nf6+ Kd6 34. Ne8+ Ke5 35. Qg7+ Kf4 36. g3+ Kf3 0-1